<?xml version="1.0" encoding="UTF-8"?>
<record
    xmlns:xsi="http://www.w3.org/2001/XMLSchema-instance"
    xsi:schemaLocation="http://www.loc.gov/MARC21/slim http://www.loc.gov/standards/marcxml/schema/MARC21slim.xsd"
    xmlns="http://www.loc.gov/MARC21/slim">

  <leader>01565    a2200217   4500</leader>
  <controlfield tag="001">47937</controlfield>
  <controlfield tag="005">20260407155745.0</controlfield>
  <controlfield tag="008">260407a1971    arg                 spa d</controlfield>
  <controlfield tag="003">AR-UNSa-BCEJYS</controlfield>
  <datafield tag="040" ind1=" " ind2=" ">
    <subfield code="a">AR-UNSa-BCEJYS</subfield>
    <subfield code="b">spa</subfield>
    <subfield code="c">AR-UNSa-BCEJYS</subfield>
  </datafield>
  <datafield tag="080" ind1=" " ind2=" ">
    <subfield code="a">336.74</subfield>
    <subfield code="x">Moneda. Sistema monetario</subfield>
  </datafield>
  <datafield tag="245" ind1="1" ind2="0">
    <subfield code="a">Teor&#xED;a Monetaria</subfield>
  </datafield>
  <datafield tag="264" ind1=" " ind2="1">
    <subfield code="a">Buenos Aires :</subfield>
    <subfield code="b">Amorrortu Editores</subfield>
    <subfield code="c">1971</subfield>
  </datafield>
  <datafield tag="300" ind1=" " ind2=" ">
    <subfield code="a">232 p.</subfield>
    <subfield code="c">20 cm.</subfield>
  </datafield>
  <datafield tag="505" ind1=" " ind2=" ">
    <subfield code="a">PRIMERA PARTE: Nuevas ideas en teor&#xED;a monetaria: 1. Dinero, deuda y tasa de inter&#xE9;s - 2. Inflaci&#xF3;n, ahorro y tasa real de inter&#xE9;s - 3. Crecimiento, equilibrio y tasa nominal de inter&#xE9;s - 4. Financiamiento del d&#xE9;ficit y crecimiento - 5. Inflaci&#xF3;n, atesoramiento y estado estacionario - 6. Inflaci&#xF3;n, nivel de financiamiento y crecimiento m&#xE1;ximo - 7. El problema de detener la inflaci&#xF3;n -- SEGUNDA PARTE: La econom&#xED;a mundial: 8. La teor&#xED;a monetaria y el patr&#xF3;n oro mundial - 9. Devaluaci&#xF3;n - 10. Interacci&#xF3;n entre &#xE1;reas monetarias - 11. Pol&#xED;ticas econ&#xF3;micas multilaterales y modificaciones en el tipo de cambio - 12. &#xBF;Debe Estados Unidos devaluar el d&#xF3;lar? - 13. Oro, d&#xF3;lares y papel oro - 14. Liquidez internacional e inflaci&#xF3;n - 15. Distribuci&#xF3;n internacional del dinero en una econom&#xED;a mundial en crecimiento - 16. La pol&#xED;tica monetaria de Europa y Estados Unidos - 17. Las ganancias de acu&#xF1;aci&#xF3;n y la estructura &#xF3;ptima de un banco central mundial.</subfield>
  </datafield>
  <datafield tag="942" ind1=" " ind2=" ">
    <subfield code="c">BK</subfield>
  </datafield>
  <datafield tag="590" ind1=" " ind2=" ">
    <subfield code="a">niveau_biblio:m niveau_hierar:0</subfield>
  </datafield>
  <datafield tag="100" ind1="1" ind2=" ">
    <subfield code="a">Calabuig, Alicia</subfield>
  </datafield>
  <datafield tag="700" ind1="1" ind2=" ">
    <subfield code="a">Mundell, Robert A.</subfield>
  </datafield>
  <datafield tag="700" ind1="1" ind2=" ">
    <subfield code="a">Mur&#xFA;a, Ricardo</subfield>
  </datafield>
  <datafield tag="999" ind1=" " ind2=" ">
    <subfield code="c">4504</subfield>
    <subfield code="d">4504</subfield>
  </datafield>
  <datafield tag="952" ind1=" " ind2=" ">
    <subfield code="0">0</subfield>
    <subfield code="1">0</subfield>
    <subfield code="4">0</subfield>
    <subfield code="7">0</subfield>
    <subfield code="a">BCEJYS</subfield>
    <subfield code="b">BCEJYS</subfield>
    <subfield code="c">16</subfield>
    <subfield code="d">2026-04-07</subfield>
    <subfield code="l">0</subfield>
    <subfield code="o">336.74 M965</subfield>
    <subfield code="p">L13348</subfield>
    <subfield code="r">2026-04-07 15:57:45</subfield>
    <subfield code="w">2026-04-07</subfield>
    <subfield code="y">L</subfield>
  </datafield>
  <datafield tag="952" ind1=" " ind2=" ">
    <subfield code="0">0</subfield>
    <subfield code="1">0</subfield>
    <subfield code="4">0</subfield>
    <subfield code="7">0</subfield>
    <subfield code="a">BCEJYS</subfield>
    <subfield code="b">BCEJYS</subfield>
    <subfield code="c">16</subfield>
    <subfield code="d">2026-04-07</subfield>
    <subfield code="l">0</subfield>
    <subfield code="o">336.74 M965</subfield>
    <subfield code="p">L13349</subfield>
    <subfield code="r">2026-04-07 15:57:45</subfield>
    <subfield code="w">2026-04-07</subfield>
    <subfield code="y">L</subfield>
  </datafield>
</record>
